Arabic Vocab - Most Frequent 601-700 - Random - Statistics

General Stats
  • This quiz has been taken 136 times
  • The average score is 12 of 25
Answer Stats
Hint Answer % Correct
جَوّ air/atmosphere/weather
100%
اِنتَظَر expect/wait
100%
أُسرة family/community
100%
بسُرعة fast/quick
100%
نور light/lamp
100%
لَعِب play
100%
شَمس sun
100%
عِشرون twenty
100%
سَبعة seven
89%
عادي regular/normal
88%
اثنان two
88%
بَنك bank
83%
شَمال north
83%
شُرطة police
83%
قَدَم foot
80%
عيد holiday/festival/feast
80%
قَتَل kill
80%
أوسَط middle/central
80%
دينيّ religious/spiritual
80%
رَجَع return/go back/reverse
80%
طَبيب doctor
75%
أوروبي European
75%
جَماعَة group/party/gang
73%
دَفَع push/pay/move
71%
مساعَدة help/support
70%
ثَقافي cultural/intellectual
67%
حاجة thing/something/object
67%
مَعرِفة knowing/knowledge/info
63%
وُصول arrival/achievement
60%
مُحاوَلة attempt/effort
60%
عاصِمة capital
60%
يَوميّ daily
60%
أَمل hope/wish
60%
فَكَّر think/consider
60%
عَقل mind/intellect
57%
أَكيد sure/certain/definite
57%
مَشكور thankful/grateful/thanks
57%
مَملَكة kingdom
55%
قَدَر able/capable/can
50%
عنوان address/title
50%
خَلف back/behind
50%
قُدرة capacity/ability/potential/power
50%
تَطوير development/advancement/promotion
50%
حُلم dream
50%
عامِل employee/worker
50%
مَساء evening
50%
نِصف half/middle
50%
فَرد individual/person
50%
صَحّ right/correct/true
50%
عَبد servant/slave
50%
جُندي soldier
50%
غَرب west
50%
ظَهَر appear/seem
43%
مواجَهة facing/confronting/confrontation/encounter
43%
نَجاح success
43%
أَسود black
40%
صَلاة prayer
40%
إِطلاف releasing/launching/shooting
40%
قِسم section/portion/department
40%
قَرية village
40%
مُنتَخَب elected/team
38%
بَحَث look/search
38%
إِيّا to/of
38%
مَزيد addition/added/more
33%
فَنَّيّ artistic/technical
33%
بُطولة heroism/star/championship/tournament
33%
اِهتِمام interest/attention/care
33%
حاجة need/want/objective/goal
33%
شارَك participate/share
33%
مَدَنيّ civil/civilian
29%
صِحَّي healthy/sanitary
29%
شاعِر poet
29%
نَشاط activity/movement
25%
كافَّة all/entirety/all together
25%
ظَرَف circumstance/condition/situation
25%
تِنمية development/growth/progress
25%
قاعِدة rule/principle
25%
صَراحة sincerity/honesty
25%
إِذَن therefore/consequently/thus
25%
اِستِخدام usage/using/utilization
25%
شَعبيّ popular/national/of the people
20%
ضِمن within/in/among
20%
سَواء except/whether/regardless
18%
عَريز dear/precious
17%
مُحافَظة province/state
17%
مَثَّل represent/speak for/exemplify/illustrate
17%
اِبَّفاق agreement/accord/treaty
14%
أَوضَح clarify/explain
14%
نَزَل descend/stay
14%
تَعَرَّض exposed/encounter/deal with
14%
خُطَّة plan/project
14%
وِكالة agency/office
8%
حُضور arrival/coming/attending
0%
أَزمة crisis
0%
خارِجيّة foreign ministry/embassy/office
0%
إطار framework/context
0%
شَديد intense/strong/severe
0%
مُقابِل opposite/corresponding
0%
تَحديد specification/definition
0%
قيام undertaking/playing/rising
0%
No matching quizzes found
Score Distribution
Percent of People with Each Score
Percentile by Number Answered
Your Score History
You have not taken this quiz